Régions aux pays n°3 - Statistiques

Statistiques générales
  • Ce quiz a été pris 204 fois
  • Le résultat moyen est 12 sur 15
Statistiques - réponses
Region Pays % Correct
Guadeloupe France
98%
Ontario Canada
97%
Texas États Unis
97%
Irlande du Nord Royaume-Uni
97%
Arkansas États Unis
94%
Bengale-Occidental Inde
90%
Bade-Wurtemberg Allemagne
89%
Tasmanie Australie
88%
Piémont Italie
87%
Alberta Canada
81%
Nouvelle-Galles du Sud Australie
80%
Aragon Espagne
80%
Ligurie Italie
75%
Jalisco Mexique
63%
Gauteng Afrique du sud
18%
Aucun quiz correspondant
Distribution des résultats
% des personnes avec chaque résultat
Percentile par nombre de réponses
Votre historique - résultats
Vous n’avez pas pris ce quiz